The usborne internet-linked encyclopedia of World history / (Record no. 135218)

MARC details
000 -LEADER
fixed length control field 00976nam a22002777a 4500
005 - DATE AND TIME OF LATEST TRANSACTION
control field 20170124110242.0
010 ## - LIBRARY OF CONGRESS CONTROL NUMBER
LC control number B-220795
020 ## - INTERNATIONAL STANDARD BOOK NUMBER
Terms of availability 00.00
International Standard Book Number 9788187107484
035 ## - SYSTEM CONTROL NUMBER
System control number B-220795
037 ## - SOURCE OF ACQUISITION
Source of stock number/acquisition Cen Lib/Ret
040 ## - CATALOGING SOURCE
Original cataloging agency DPL
Language of cataloging EN
082 ## - DEWEY DECIMAL CLASSIFICATION NUMBER
Classification number 909.03
Item number BIN
100 ## - MAIN ENTRY--PERSONAL NAME
Personal name Bingham, Jane
9 (RLIN) 95224
245 ## - TITLE STATEMENT
Title The usborne internet-linked encyclopedia of World history /
Statement of responsibility, etc by Jane Bingham, Fiona Chandler [and] Sam Taplin ; illustrated by Inklink Firenze...[et al.] ; edited by Jane Chisholm
246 ## - VARYING FORM OF TITLE
Remainder of title
260 ## - PUBLICATION, DISTRIBUTION, ETC. (IMPRINT)
Name of publisher, distributor, etc Om Books
Place of publication, distribution, etc New Delhi
Date of publication, distribution, etc 2006
270 ## - ADDRESS
Address 4379/4B, Prakash house, ansari road, Dariyaganj
City New Delhi
Postal code 110002
300 ## - PHYSICAL DESCRIPTION
Extent 414p. :
Dimensions 27cm(pbk)
Other physical details ill.
500 ## - GENERAL NOTE
General note Includes index
650 ## - SUBJECT ADDED ENTRY--TOPICAL TERM
Topical term or geographic name as entry element World history -- Encyclopedia
9 (RLIN) 95225
700 ## - ADDED ENTRY--PERSONAL NAME
Personal name Chandler, Fiona
9 (RLIN) 95226
700 ## - ADDED ENTRY--PERSONAL NAME
Personal name Taplin, Sam
9 (RLIN) 95227
700 ## - ADDED ENTRY--PERSONAL NAME
Personal name Firenze, Inklink
9 (RLIN) 95228
700 ## - ADDED ENTRY--PERSONAL NAME
Personal name Chisholm, Jane
9 (RLIN) 95229
942 ## - ADDED ENTRY ELEMENTS (KOHA)
Source of classification or shelving scheme Dewey Decimal Classification
Koha item type English Books
Classification part 909.03
Call number suffix BIN
Holdings
Withdrawn status Lost status Damaged status Not for loan Collection code Home library Current library Date acquired Source of acquisition Cost, normal purchase price Total Checkouts Full call number Barcode Date last seen Copy number Cost, replacement price Price effective from Koha item type
      Not For Loan Reference Central Library Central Library 03/10/2015 Cen Lib/Ret 0.00   909.03 BIN B-220795 03/10/2015 1 0.00 03/10/2015 English Books

© Delhi Public Library
Hit Counter
free hit counter